000 01133 a2200193 4500
003 Nust
005 20221229134651.0
020 _a817596491x
040 _cNust
082 _a629.1,CAR
100 _a Carter,Ronald
_97389
245 _aThe Web of Words :
_bExploring literature Through language /
_cRonald Carter and Michael N. long
260 _aUK
_bCambridge university press
_c2007
300 _a188p
505 _aWhat’s going on? Summary and Narrative Prediction (Page-1), Scenario: Language, Dialogue and Setting (Page-20), Talking Together: Ranking (Page-41), Read Together: Ranking (Page-20) Read it About : Text and Phonology (Page-54), On the Inside: Writing and Patterns of Language (Page-65), Words and Their Impact: Structures of Vocabulary (Page-52), Re-Writing Literary an Non Literary Discourse (Page-94), Under the Microscope: Introduction to Stylistic Analysis (Page-109), The Moving Finger Writer’s Background (Page-125), In the Forum: Reading and Dissuasion Literature (Page-145).
600 _aRonald Carter and Michael N. long
_9106392
650 _aThe web of Words
_9106393
942 _2ddc
_cBK
999 _c178772
_d178772